[Event "Tourn. n9420"]
[Site "www.chess-mail.com"]
[Date "2017.08.05"]
[Round "1"]
[White "Jazzy"]
[Black "Astroboy"]
[WhiteElo "2180"]
[BlackElo "2000"]
[Result "0-1"]
[Round "1"]
1.e4 c6
2.Ng1e2 d5
3.e5 Bc8f5
4.Ne2g3 Bf5g6
5.d4 e6
6.Bf1d3 Bg6xd3
7.Qd1xd3 Nb8d7
8.O-O Ng8e7
9.Qd3b3 Qd8c7
10.c3 c5
11.Nb1a3 a6
12.Bc1e3 Ne7c6
13.Qb3d1 Bf8e7
14.Ra1c1 O-O
15.Ng3h5 Qc7b6
16.Qd1g4 g6
17.Rc1b1 Rf8c8
18.Nh5f4 cxd4
19.cxd4 Qb6d8
20.Rb1c1 Nc6b4
21.Rc1xc8 Ra8xc8
22.Be3d2 Rc8c6
23.Nf4e2 Nb4xa2
24.Ne2f4 Be7f8
25.Nf4d3 Bf8xa3
26.bxa3 Na2c3
27.Rf1e1 h5
28.Qg4f4 Qd8e7
29.a4 Nc3xa4
30.Bd2b4 Qe7d8
31.Re1e3 Na4c3
32.Nd3c5 Nd7xc5
33.Re3xc3 Nc5e4
34.Rc3xc6 bxc6
35.Qf4c1 Qd8b6
36.Qc1b2 a5
37.Bb4a3 Qb6xb2
38.Ba3xb2 f6
{ resign }
0-1

[Event "Tourn. n9405"]
[Site "www.chess-mail.com"]
[Date "2017.08.05"]
[Round "1"]
[White "Guidom"]
[Black "Falcoale"]
[WhiteElo "2120"]
[BlackElo "2020"]
[Result "1-0"]
[Round "1"]
1.e4 c5
2.d4 cxd4
3.Qd1xd4 Nb8c6
4.Qd4d1 e6
5.c3 Ng8f6
6.Bf1d3 d5
7.exd5 Nf6xd5
8.Ng1f3 Bf8d6
9.O-O O-O
10.Qd1e2 Bd6f4
11.Bd3c2 Qd8c7
12.Bc1xf4 Nd5xf4
13.Qe2e3 Nf4d5
14.Qe3g5 Nd5f6
15.Nb1d2 h6
16.Qg5h4 Nc6e7
17.Nf3d4 Ne7g6
18.Bc2xg6 fxg6
19.Rf1e1 Qc7b6
20.Nd2b3 Bc8d7
21.Qh4g3 Rf8f7
22.Qg3xg6 Ra8f8
23.Re1e2 Qb6d6
24.Qg6g3 Qd6xg3
25.hxg3 Nf6g4
26.f3 Ng4f6
27.Nb3c5 Bd7c8
28.Nc5xe6 Rf8e8
29.Ra1e1 Nf6h5
30.Kf2 Rf7f6
31.g4 Nh5f4
32.Ne6xf4 Re8f8
33.Nf4h5 Rf6f7
34.Re2e8 Bc8xg4
35.Nh5g3 Bg4d7
36.Re8xf8 Rf7xf8
37.Re1e7 Rf8d8
38.Ng3e4 Bd7c8
39.g4 Rd8f8
40.Ke3 a6
41.Nd4e6 Bc8xe6
42.Re7xe6 Rf8d8
43.Re6e7 b5
44.Ne4c5 Rd8d1
45.Ke2 Rd1b1
46.Nc5d3 Rb1a1
47.a3 a5
48.Re7b7 b4
49.cxb4 axb4
50.Rb7xb4 { resign }
1-0

[Event "Tourn. n9441"]
[Site "www.chess-mail.com"]
[Date "2017.08.05"]
[Round "1"]
[White "Ranjachess"]
[Black "Prize64"]
[WhiteElo "1850"]
[BlackElo "2040"]
[Result "1-0"]
[Round "1"]
1.d4 Ng8f6
2.Nb1c3 c5
3.d5 d6
4.e4 g6
5.h3 Bf8g7
6.Bc1f4 a6
7.Ng1f3 O-O
8.Qd1d2 b5
9.Bf1d3 Nb8d7
10.O-O Qd8c7
11.b3 b4
12.Nc3a4 Nf6h5
13.Bf4h6 Bg7xa1
14.Bh6xf8 Nd7xf8
15.Rf1xa1 Ra8b8
16.Ra1e1 Nf8d7
17.Qd2h6 Nd7f8
18.c4 bxc3
19.Na4xc3 Qc7a5
20.Nc3a4 Bc8d7
21.Bd3c2  { time }
1-0

[Event "Tourn. n9352"]
[Site "www.chess-mail.com"]
[Date "2017.08.05"]
[Round "1"]
[White "Szustan"]
[Black "Seger"]
[WhiteElo "2540"]
[BlackElo "2650"]
[Result "0-1"]
[Round "1"]
1.e4 Nb8c6
2.Ng1f3 e5
3.Nb1c3 Ng8f6
4.d4 exd4
5.Nc3d5 Nc6b4
6.Nd5xf6 Qd8xf6
7.Bf1c4 Bf8c5
8.O-O d6
9.e5 dxe5
10.c3 dxc3
11.Bc1g5 c2
12.Qd1e2 Qf6f5
13.a3 Nb4c6
14.Rf1e1 O-O
15.Bc4d3 Nc6d4
16.Nf3xd4 Qf5xg5
17.Nd4f3 Qg5h5
18.Qe2xc2 Bc5d6
19.Ra1d1 Kh8
20.Bd3e2 Qh5h6
21.h3 f5
22.Qc2d2 Qh6e6
23.Qd2c2 e4
24.Be2c4 Qe6f6
25.Nf3h2 Bc8d7
26.Nh2f1 Ra8d8
27.b4 Bd7e8
28.Nf1e3 Be8g6
29.Bc4f1 Qf6e5
30.g3 f4
31.Ne3c4 Qe5g5
32.g4 h5
33.Nc4xd6 cxd6
34.Qc2e2 d5
35.Rd1d4 hxg4
{ resign }
0-1

[Event "Tourn. n9474"]
[Site "www.chess-mail.com"]
[Date "2017.08.05"]
[Round "1"]
[White "Cjood"]
[Black "Caspito"]
[WhiteElo "1920"]
[BlackElo "1910"]
[Result "0-1"]
[Round "1"]
1.e4 e5
2.Ng1f3 Nb8c6
3.Bf1b5 a6
4.Bb5a4 b5
5.Ba4b3 Nc6d4
6.Nf3xe5 Qd8g5
7.Ne5xf7 Qg5xg2
8.Rh1f1 Qg2xe4
{ resign }
0-1

[Event "Tourn. n9441"]
[Site "www.chess-mail.com"]
[Date "2017.08.05"]
[Round "1"]
[White "Griffo30"]
[Black "Prize64"]
[WhiteElo "2070"]
[BlackElo "2040"]
[Result "1-0"]
[Round "1"]
1.e4 c5
2.b3 d5
3.exd5 Qd8xd5
4.Nb1c3 Qd5d8
5.Bc1b2 Nb8c6
6.Bf1b5 Bc8d7
7.Ng1f3 Ng8f6
8.O-O g6
9.d3 Bf8g7
10.Ra1b1 O-O
11.Rf1e1 a6
12.Bb5xc6 Bd7xc6
13.Nf3e5 Bc6e8
14.Qd1f3 Ra8b8
15.Nc3e4 Nf6xe4
16.Qf3xe4 e6
17.Bb2a3 b6
18.Rb1d1  { time }
1-0

[Event "Tourn. n9393"]
[Site "www.chess-mail.com"]
[Date "2017.08.05"]
[Round "1"]
[White "Balbyns"]
[Black "Falcoale"]
[WhiteElo "1990"]
[BlackElo "2030"]
[Result "1-0"]
[Round "1"]
1.e4 c5
2.Ng1f3 e6
3.d4 cxd4
4.Nf3xd4 Ng8f6
5.Nb1d2 Bf8c5
6.Nd4b3 Bc5b6
7.Bf1d3 O-O
8.O-O Nb8c6
9.Nd2c4 Bb6c7
10.Bc1d2 d6
11.Rf1e1 Nf6d7
12.Re1e3 Nd7e5
13.Nc4xe5 Nc6xe5
14.Re3g3 Ne5xd3
15.Qd1g4 g6
16.cxd3 d5
17.Bd2h6 Bc7xg3
18.Bh6xf8 Bg3xf2
19.Kxf2 Qd8xf8
20.Ra1c1 dxe4
21.Qg4xe4 Qf8d6
22.h3 Qd6b6
23.Qe4e3 Qb6d8
24.Kg1 Bc8d7
25.Nb3c5 Bd7c6
26.Qe3e5 Qd8d5
27.Qe5xd5 Bc6xd5
28.a3 Ra8c8
29.d4 b6
30.Nc5d3 Rc8xc1
31.Nd3xc1 Kg7
32.Nc1e2 Kf6
33.Kf2 Ke7
34.Ne2c3 Bd5c4
35.g3 f5
36.Kf3 Kf6
37.h4 h6
38.b4 a6
39.Nc3d1 e5
40.Nd1e3 e4
41.Kf2 Bc4d3
42.Ne3d5 Ke6
43.Nd5xb6 g5
44.Ke3 gxh4
45.gxh4 Kd6
46.Nb6a4 Ke6
47.Na4c5 Kd5
48.Nc5xd3 exd3
49.Kxd3 f4
50.a4 f3
51.b5 axb5
52.axb5 Kd6
53.Ke3 f2
54.Kxf2 { resign }
1-0

[Event "Tourn. n9364"]
[Site "www.chess-mail.com"]
[Date "2017.08.05"]
[Round "1"]
[White "Szustan"]
[Black "Chessington"]
[WhiteElo "2550"]
[BlackElo "2470"]
[Result "0-1"]
[Round "1"]
1.e4 e6
2.d4 d5
3.Nb1c3 Ng8f6
4.e5 Nf6d7
5.f4 c5
6.Ng1f3 Bf8e7
7.Bc1e3 b6
8.Bf1e2 Nb8c6
9.O-O O-O
10.Nc3b5 a6
11.Nb5d6 Be7xd6
12.exd6 c4
13.b3 Nd7f6
14.bxc4 dxc4
15.Be2xc4 Qd8xd6
16.Bc4d3 b5
17.c3 Bc8b7
18.Qd1e2 Nc6e7
19.a4 Ra8c8
20.axb5 axb5
21.Qe2b2 Ne7d5
22.Be3d2 Nd5xf4
23.Bd3xb5 Nf4xg2
24.Kxg2 Nf6g4
25.Rf1h1 e5
26.Bb5e2 Rc8b8
27.Qb2c2 exd4
28.Qc2d3 Rf8e8
29.Kg1 Re8xe2
30.Qd3xe2 d3
31.Qe2f1 Qd6g6
{ resign }
0-1

[Event "Tourn. n9438"]
[Site "www.chess-mail.com"]
[Date "2017.08.05"]
[Round "1"]
[White "Prize64"]
[Black "Nulladies"]
[WhiteElo "2040"]
[BlackElo "1980"]
[Result "0-1"]
[Round "1"]
1.e4 c5
2.Ng1f3 g6
3.c3 Bf8g7
4.d4 cxd4
5.cxd4 d5
6.e5 f6
7.Nb1c3 Qd8c7
8.Nc3xd5 Qc7a5
9.Nd5c3 b6
10.Bf1b5 Bc8d7
11.Bb5xd7 Nb8xd7
12.e6 Nd7f8
13.d5 Ra8c8
 { time }
0-1

[Event "Match"]
[Site "www.echecsemail.com"]
[Date "2017.08.05"]
[Round "1"]
[White "Paco"]
[Black "Pinehill"]
[WhiteElo "1940"]
[BlackElo "2050"]
[Result "0-1"]
[Round "1"]
1.e4 d5
2.e5 c5
3.d4 Nb8c6
4.Ng1f3 cxd4
5.Nf3xd4 Nc6xe5
6.Bf1b5 Bc8d7
7.Qd1e2 Bd7xb5
8.Qe2xb5 Qd8d7
9.Bc1f4 Ne5g6
10.Qb5xd7 Kxd7
11.Bf4g3 Ng8f6
12.Nb1a3 a6
13.O-O-O e6
14.f4 Bf8d6
15.c4 Bd6xf4
16.Bg3xf4 Ng6xf4
17.g3 Nf4g2
18.cxd5 Nf6xd5
19.Na3c4 Ra8c8
20.b3 b5
21.Nd4xb5 axb5
22.Kb2 bxc4
23.bxc4 Ng2e3
24.Rd1d4 Rc8xc4
25.Rd4xc4 Ne3xc4
26.Ka1 Rh8b8
27.Rh1c1 Nc4a3
28.Rc1f1 Na3c2

0-1

[Event "Match"]
[Site "www.echecsemail.com"]
[Date "2017.08.05"]
[Round "1"]
[White "Bojan"]
[Black "Cjood"]
[WhiteElo "1940"]
[BlackElo "1980"]
[Result "1-0"]
[Round "1"]
1.e4 e5
2.Ng1f3 Nb8c6
3.d4 exd4
4.Nf3xd4 Nc6xd4
5.Qd1xd4 c6
6.a3 Qd8f6
7.Bc1e3 Qf6xd4
8.Be3xd4 a5
9.Nb1c3 b5
10.e5 Ng8e7
11.Nc3e4 Ne7f5
12.Bd4b6 Ra8b8
13.Bb6xa5 Nf5d4
14.O-O-O c5
15.Ba5c7 Rb8a8
16.Ne4d6 Bf8xd6
17.Bc7xd6 Nd4c6
18.Bf1xb5 Nc6d4
19.Bb5c4 Bc8b7
20.f3 Nd4xf3
21.Rh1f1 Nf3xh2
22.Rf1xf7 Bb7xg2
23.Rd1d2 Ra8a4
24.Rf7e7 Kd8
25.Bc4b5 Ra4a7
26.Rd2xg2 Nh2f3
27.Rg2xg7 Rh8e8
28.Re7xd7 Ra7xd7
29.Rg7xd7 { resign }
1-0

[Event "Match"]
[Site "www.echecsemail.com"]
[Date "2017.08.05"]
[Round "1"]
[White "Blackygrey"]
[Black "Guidom"]
[WhiteElo "1499"]
[BlackElo "2070"]
[Result "1-0"]
[Round "1"]
1.e4 e5
2.Ng1f3 Nb8c6
3.Bf1c4 d6
4.d4 exd4
5.Nf3xd4 Nc6xd4
6.Qd1xd4 Qd8f6
7.Bc1e3 Qf6xd4
8.Be3xd4 f6
9.Nb1c3 Bc8d7
10.Nc3d5 Ra8c8
11.Bd4xa7 b6
12.Bc4a6 Kd8
13.Ba6b7 Bd7e6
14.Nd5xb6 cxb6
15.Ba7xb6 Rc8c7
16.a4 Kd7
17.Bb6xc7 Kxc7
18.Bb7d5 Be6xd5
19.exd5 Ng8e7
20.c4 g6
21.Kd2 Bf8h6
22.Kd3 Ne7c8
23.Rh1e1 Kd7
24.a5 f5
25.b4 Bh6g7
26.Ra1a2 Bg7e5
27.c5 Nc8a7
28.c6 Kc7
29.Kc4 f4
30.b5 Na7c8
31.b6 Kb8
32.c7 Kb7
33.Kb5 { resign }
1-0

[Event "Match"]
[Site "www.echecsemail.com"]
[Date "2017.08.05"]
[Round "1"]
[White "Pellix84"]
[Black "Blackygrey"]
[WhiteElo "2110"]
[BlackElo "1499"]
[Result "0-1"]
[Round "1"]
1.d4 d5
2.g3 Ng8f6
3.Bf1g2 g6
4.c4 c6
5.cxd5 cxd5
6.Nb1c3 Bf8g7
7.e3 O-O
8.Ng1e2 Nb8c6
9.O-O Bc8f5
10.a3 Nc6a5
11.b3 Ra8c8
12.Bc1b2 h5
13.h3 Qd8b6
14.Nc3xd5 Nf6xd5
15.Bg2xd5 Bf5xh3
16.Rf1e1 e6
17.Bd5g2 Bh3xg2
18.Kxg2 Qb6xb3
19.Qd1xb3 Na5xb3
20.Ra1b1 Nb3d2
21.Rb1c1 Nd2c4
22.Bb2c3 Rf8d8
23.Bc3b4 Bg7f8
24.Ne2c3 Nc4xa3
25.Bb4xf8 Kxf8
26.Re1e2 b5
{ resign }
0-1

[Event "Match"]
[Site "www.echecsemail.com"]
[Date "2017.08.05"]
[Round "1"]
[White "86eamon"]
[Black "52maurice"]
[WhiteElo "1650"]
[BlackElo "1490"]
[Result "1-0"]
[Round "1"]
1.g4 g5
2.e3 e6
3.f4 b6
4.Bf1g2 Bc8b7
5.Bg2xb7 Nb8a6
6.Bb7xa6 Ra8b8
7.a4 Qd8f6
8.Ng1f3 gxf4
9.exf4 Qf6xf4
10.Rh1g1 Bf8c5
11.d4 Qf4f6
12.Bc1g5 Qf6g6
13.dxc5 bxc5
14.Ba6b5 c6
15.Bb5d3 Qg6g7
16.a5 a6
17.c3 h5
18.Bd3xa6 Rb8a8
19.Qd1d3 f6
20.Ba6b7 Ra8a7
21.a6 hxg4
22.Rg1xg4 fxg5
23.Bb7c8 Ng8f6
24.Rg4xg5 Qg7f7
25.Qd3c4 Ra7c7
26.Bc8b7 Rh8h3
27.a7 Rh3xf3
28.a8Q Ke7
29.Qc4xc5 d6
30.Qc5b6 Rc7d7
31.Bb7xc6 Rd7d8
32.Qa8xd8 { resign }
1-0

[Event "Match"]
[Site "www.echecsemail.com"]
[Date "2017.08.05"]
[Round "1"]
[White "Cal"]
[Black "Azorau"]
[WhiteElo "1640"]
[BlackElo "1860"]
[Result "0-1"]
[Round "1"]
1.c4 e5
2.e4 Ng8f6
3.d3 Bf8c5
4.a3 d6
5.Nb1c3 Nb8c6
6.h3 Nc6e7
7.Ng1f3 c6
8.Bc1g5 Bc5d4
9.Nc3e2 Bd4xb2
10.Ra1a2 Bb2d4
11.Ne2g3 Qd8b6
12.Bf1e2 Bd4xf2
13.Kd2 Qb6a5
14.Kc2 Bf2xg3
15.Kc1 Qa5c3
16.Ra2c2 Qc3xa3
17.Kd2 Bg3f4
18.Ke1 Bf4g3
19.Kf1 Qa3c5
20.d4 exd4
21.Be2d3 Bc8e6
22.Bg5xf6 gxf6
23.Nf3h4 Bg3xh4
24.Qd1h5 Qc5xh5
{ resign }
0-1

[Event "Match"]
[Site "www.echecsemail.com"]
[Date "2017.08.05"]
[Round "1"]
[White "Sykdalion"]
[Black "Billyg"]
[WhiteElo "1499"]
[BlackElo "1730"]
[Result "1-0"]
[Round "1"]
1.e4 e6
2.Ng1f3 a6
3.d4 d5
4.exd5 exd5
5.Nb1c3 h6
6.Bc1e3 Bc8g4
7.Bf1e2 Bg4xf3
8.Be2xf3 c6
9.Qd1e2 g5
10.Be3xg5 Bf8e7
11.Bg5f4 Nb8d7
12.a3 Ng8f6
13.O-O-O Nd7b6
14.Bf4e5 Nb6d7
15.Be5d6 Nf6g8
16.Rh1e1 Qd8a5
17.Bd6xe7 { resign }
1-0

[Event "Tourn. n9454"]
[Site "www.chess-mail.com"]
[Date "2017.08.06"]
[Round "1"]
[White "Mitja"]
[Black "Astroboy"]
[WhiteElo "2040"]
[BlackElo "2310"]
[Result "0-1"]
[Round "1"]
1.d4 e6
2.e3 c5
3.dxc5 Bf8xc5
4.c3 Ng8f6
5.Nb1d2 O-O
6.Nd2b3 Bc5b6
7.Bf1d3 Nb8c6
8.Bd3c2 d5
9.Ng1f3 a5
10.Nb3d4 Rf8e8
11.Nd4xc6 bxc6
12.b3 e5
13.Bc1b2 a4
14.O-O a3
15.Bb2c1 Qd8c7
16.h3 e4
17.Nf3h2 Qc7e5
18.Bc1d2 Bc8xh3
19.gxh3 Bb6c7
20.f4 exf3
21.Nh2xf3 Qe5g3
22.Kh1 Qg3xh3
23.Kg1 Qh3g3
24.Kh1 Nf6e4
25.Qd1e1 Qg3h3
26.Kg1 Re8e6
27.Bc2xe4 Re6xe4
{ resign }
0-1

[Event "Tourn. n9428"]
[Site "www.chess-mail.com"]
[Date "2017.08.06"]
[Round "1"]
[White "Malbertan"]
[Black "Claymil"]
[WhiteElo "2040"]
[BlackElo "2040"]
[Result "0-1"]
[Round "1"]
1.e4 c5
2.Ng1f3 Nb8c6
3.d4 cxd4
4.Nf3xd4 g6
5.Bc1e3 Bf8g7
6.Nd4xc6 bxc6
7.Be3d4 Ng8f6
8.e5 Nf6d5
9.e6 O-O
10.Bd4xg7 Kxg7
11.exf7 Rf8xf7
12.Qd1d4 Kg8
13.Bf1c4 e6
14.O-O Qd8f6
15.Qd4xf6 Rf7xf6
16.Nb1d2 a5
17.Nd2e4 Rf6f8
18.Ne4d6 Bc8a6
19.Bc4xa6 Ra8xa6
20.c4 Nd5b4
21.a3 Nb4d3
22.Ra1b1 Ra6b6
23.f3 Rb6xb2
24.Rb1xb2 Nd3xb2
25.c5 Nb2d3
26.Nd6e4 Kg7
27.Rf1d1 Nd3e5
28.Rd1b1 h6
29.Rb1b7 Rf8f7
30.Ne4d6 Rf7f4
31.Nd6e4 Kf7
32.Ne4d6 Ke7
33.Nd6e4 Ne5c4
34.a4 Rf4f5
35.Rb7a7 Rf5d5
36.Kf2 Rd5d3
37.Ne4d6 Nc4xd6
38.cxd6 Kxd6
39.Ra7xa5 Rd3a3
40.Ra5a8 c5
41.a5 Kd5
42.a6 c4
43.Ra8d8 d6
{ resign }
0-1

[Event "Tourn. n9332"]
[Site "www.chess-mail.com"]
[Date "2017.08.06"]
[Round "1"]
[White "Conde7"]
[Black "Szustan"]
[WhiteElo "2860"]
[BlackElo "2590"]
[Result "1-0"]
[Round "1"]
1.e4 e5
2.Ng1f3 Nb8c6
3.Bf1b5 a6
4.Bb5a4 Ng8f6
5.d3 b5
6.Ba4b3 Bf8e7
7.Nb1c3 d6
8.a3 O-O
9.h3 Nc6d4
10.Nf3xd4 exd4
11.Nc3e2 c5
12.O-O Bc8e6
13.Bb3xe6 fxe6
14.Bc1d2 Ra8c8
15.Ne2g3 c4
16.Bd2e1 d5
17.e5 Nf6d7
18.Qd1g4 Qd8b6
19.Be1a5 Qb6c6
20.f4 g6
21.Ng3e2 Be7c5
22.Ba5e1 Rf8e8
23.b4 cxb3
24.cxb3 Qc6b7
25.h4 Nd7b8
26.h5 Qb7f7
27.hxg6 hxg6
28.Be1b4 Bc5b6
29.Rf1f3 Nb8c6
30.Kf2 Kg7
31.Ne2g3 Re8h8
32.Bb4d6 Rc8f8
33.Ra1c1 Nc6e7
34.Bd6xe7 Qf7xe7
35.Rc1c6 Rh8h4
36.Qg4xe6 Qe7xe6
37.Rc6xe6 Bb6a5
38.f5 Ba5d2
39.f6 Kg8
40.Ng3f1 Bd2c1
41.Re6xa6 Rh4f4
42.Ra6a7 Rf8f7
43.Ra7a5 { resign }
1-0

[Event "Tourn. n9433"]
[Site "www.chess-mail.com"]
[Date "2017.08.06"]
[Round "1"]
[White "Fabos12"]
[Black "Aiko1603"]
[WhiteElo "1920"]
[BlackElo "2030"]
[Result "0-1"]
[Round "1"]
1.d4 Ng8f6
2.c4 e6
3.Nb1c3 Bf8b4
4.Bc1g5 h6
5.Bg5h4 g5
6.Bh4g3 Bb4xc3
7.bxc3 Nf6e4
8.Ra1c1 Ne4xg3
9.fxg3 Qd8e7
10.e4 d6
11.Qd1h5 Bc8d7
12.h4 gxh4
13.gxh4 Nb8c6
14.Ng1f3 O-O-O
15.Bf1d3 Rd8g8
16.Rh1g1 Qe7f6
17.Kd2 Qf6f4
18.Kc2 Nc6a5
19.Rc1f1 Bd7a4
20.Kb2 b6
21.Ka3 Ba4e8
22.Nf3e1 Qf4c1
23.Kb4 c5
{ resign }
0-1

[Event "Tourn. n9456"]
[Site "www.chess-mail.com"]
[Date "2017.08.06"]
[Round "1"]
[White "Cjood"]
[Black "Tartan"]
[WhiteElo "1980"]
[BlackElo "2430"]
[Result "0-1"]
[Round "1"]
1.e4 c5
2.Ng1f3 e6
3.d4 cxd4
4.Nf3xd4 a6
5.Nb1c3 Nb8c6
6.Nd4xc6 bxc6
7.g3 d5
8.exd5 cxd5
9.Bf1g2 Ng8f6
10.Bc1g5 Bf8c5
11.Bg5xf6 Qd8xf6
12.O-O Bc8d7
13.Nc3xd5 exd5
14.Qd1xd5 Ra8c8
15.Rf1e1 Bc5e7
16.Ra1d1 Bd7e6
17.Qd5b7 O-O
18.Qb7xa6 Rc8xc2
19.b3 Qf6xf2
{ resign }
0-1

[Event "Tourn. n9422"]
[Site "www.chess-mail.com"]
[Date "2017.08.06"]
[Round "1"]
[White "Pachi"]
[Black "Passaroa25"]
[WhiteElo "1550"]
[BlackElo "1680"]
[Result "1-0"]
[Round "1"]
1.e4 c6
2.b4 d6
3.Nb1c3 b5
4.a4 Bc8a6
5.axb5 Ba6xb5
6.Bf1xb5 cxb5
7.Nc3xb5 Qd8d7
8.c4 e5
9.Ng1f3 f6
10.d3 Nb8c6
11.Bc1e3 a6
12.Nb5c3 Nc6xb4
13.O-O Ng8e7
14.Nc3a4 Qd7b7
15.Ra1b1 Ne7c6
16.c5 Bf8e7
17.Na4b6 Ra8d8
18.d4 O-O
19.Nf3h4 g5
20.Nh4f5 h5
21.Qd1xh5 Rf8f7
22.Nf5h6 Kg7
23.Nh6xf7 Rd8g8
24.cxd6 Kf8
25.dxe7 Kxe7
26.Nb6d5 Kf8
27.dxe5 Qb7xf7
28.Qh5xf7 Kxf7
29.Nd5xb4 Nc6xb4
30.Rb1xb4 fxe5
31.Rf1a1 { resign }
1-0

[Event "Tourn. n9457"]
[Site "www.chess-mail.com"]
[Date "2017.08.06"]
[Round "1"]
[White "Prize64"]
[Black "Falcoale"]
[WhiteElo "2040"]
[BlackElo "2070"]
[Result "0-1"]
[Round "1"]
1.e4 c5
2.Ng1f3 Nb8c6
3.d4 cxd4
4.Nf3xd4 a6
5.c4 e6
6.Nb1c3 Bf8b4
7.Bc1e3 Ng8f6
8.f3 O-O
9.Ra1c1 d6
10.Qd1d2 Nc6xd4
 { time }
0-1

[Event "Tourn. n9455"]
[Site "www.chess-mail.com"]
[Date "2017.08.06"]
[Round "1"]
[White "Falcoale"]
[Black "Prize64"]
[WhiteElo "2070"]
[BlackElo "2040"]
[Result "1-0"]
[Round "1"]
1.e4 c5
2.Ng1f3 Nb8c6
3.b3 d5
4.exd5 Qd8xd5
5.Nb1c3 Qd5d8
6.Bf1c4 e6
7.O-O Ng8f6
8.d3 Bf8d6
9.Bc1g5 O-O
10.Nc3e4 Bd6e7
11.Ne4xf6  { time }
1-0

[Event "Tourn. n9457"]
[Site "www.chess-mail.com"]
[Date "2017.08.06"]
[Round "1"]
[White "Jazzy"]
[Black "Prize64"]
[WhiteElo "2200"]
[BlackElo "2040"]
[Result "1-0"]
[Round "1"]
1.d4 Ng8f6
2.c4 g6
3.Nb1c3 Bf8g7
4.e4 d6
5.Bf1e2 O-O
6.Ng1f3 e5
7.dxe5 dxe5
8.Qd1xd8 Rf8xd8
9.Bc1g5 c6
10.Nf3xe5  { time }
1-0

[Event "Match"]
[Site "www.echecsemail.com"]
[Date "2017.08.06"]
[Round "1"]
[White "Luzhin"]
[Black "Cjood"]
[WhiteElo "2330"]
[BlackElo "1910"]
[Result "1-0"]
[Round "1"]
1.e4 Ng8f6
2.e5 Nf6d5
3.d4 c5
4.dxc5 Qd8a5
5.c3 Qa5xc5
6.Ng1f3 Nb8c6
7.b4 Nc6xb4
8.Bc1a3 Nd5xc3
9.Qd1c1 Nb4xa2
10.Ra1xa2 Qc5d5
11.Nb1xc3 Qd5c6
12.Ra2b2 a6
13.Rb2c2 Qc6b6
14.Nc3d5 Qb6a5
15.Ba3b4 { resign }
1-0

[Event "Match"]
[Site "www.echecsemail.com"]
[Date "2017.08.06"]
[Round "1"]
[White "Cal"]
[Black "Aliboron"]
[WhiteElo "1660"]
[BlackElo "1479"]
[Result "1-0"]
[Round "1"]
1.c4 e5
2.Nb1c3 d6
3.e4 Nb8c6
4.d3 Bf8e7
5.h3 Ng8f6
6.Ng1f3 O-O
7.a3 Rf8e8
8.Bf1e2 Bc8d7
9.O-O Ra8c8
10.b4 a6
11.Nc3d5 Nf6xd5
12.cxd5 Nc6a7
13.Bc1b2 Na7b5
14.a4 Nb5a7
15.Nf3h2 f5
16.exf5 Bd7xf5
17.Be2h5 g6
18.Bh5f3 Be7f6
19.Qd1d2 b5
20.axb5 Na7xb5
21.Ra1xa6 Qd8d7
22.Bf3e4 Bf5xe4
23.dxe4 Nb5d4
24.Bb2xd4 exd4
25.f4 Re8xe4
26.Rf1f3 Qd7b5
27.Ra6a5 Qb5b6
28.Nh2g4 d3
29.Kh2  { time }
1-0

[Event "Match"]
[Site "www.echecsemail.com"]
[Date "2017.08.06"]
[Round "1"]
[White "Cal"]
[Black "Samyaksamadh"]
[WhiteElo "1640"]
[BlackElo "1499"]
[Result "0-1"]
[Round "1"]
1.c4 b6
2.Ng1f3 Bc8b7
3.Nb1c3 g6
4.d4 Bf8g7
5.h3 d6
6.e4 Nb8d7
7.Bc1f4 e6
8.Bf1d3 Ng8e7
9.O-O O-O
10.a3 f5
11.exf5 Ne7xf5
12.Bd3xf5 exf5
13.b4 Nd7f6
14.Qd1d3 Nf6e4
15.Nc3xe4 fxe4
16.Qd3e3 exf3
17.g3 Qd8d7
18.d5 Qd7xh3
19.Qe3xf3 Bg7xa1
20.Rf1xa1 Ra8e8
21.a4 Bb7c8
22.c5 Bc8f5
23.cxb6 Bf5e4
24.Qf3xe4 Re8xe4
25.bxc7 Rf8e8
26.Bf4d2 Re4e2
27.Bd2e3 Re8xe3
28.fxe3 Qh3g2

0-1

[Event "Match"]
[Site "www.echecsemail.com"]
[Date "2017.08.06"]
[Round "1"]
[White "52maurice"]
[Black "86eamon"]
[WhiteElo "1490"]
[BlackElo "1650"]
[Result "0-1"]
[Round "1"]
1.e4 a5
2.d4 a4
3.e5 e6
4.Ng1f3 Ra8a5
5.Bc1d2 Ra5d5
6.Nb1c3 Rd5a5
7.Bf1d3 d6
8.Bd3b5 Nb8c6
9.exd6 Bf8xd6
10.d5 exd5
11.Qd1e2 Ng8e7
12.Bd2g5 f6
13.Bg5d2 a3
14.b3 Bd6b4
15.Kf1 Bc8f5
16.Ra1c1 g5
17.Nf3g1 d4
18.Nc3d5 Bb4xd2
19.Rc1d1 d3
20.Bb5xd3 Qd8xd5
21.Qe2h5 Bf5g6
22.Qh5h3 h5
23.Rd1xd2 h4
24.c4 Qd5d4
25.Ng1e2 Qd4a1
{ resign }
0-1

[Event "Tourn. n9396"]
[Site "www.chess-mail.com"]
[Date "2017.08.07"]
[Round "1"]
[White "Lightning"]
[Black "Lucaschess"]
[WhiteElo "2270"]
[BlackElo "2100"]
[Result "1-0"]
[Round "1"]
1.d4 d5
2.c4 dxc4
3.Ng1f3 Ng8f6
4.e3 c5
5.Bf1xc4 e6
6.O-O Nb8c6
7.Nb1c3 cxd4
8.exd4 Bf8e7
9.Bc1g5 O-O
10.a3 a6
11.Ra1c1 b5
12.Bc4a2 Bc8b7
13.Ba2b1 b4
14.Qd1d3 g6
15.axb4 Nc6xb4
16.Qd3e3 Nb4d5
17.Qe3e2 Qd8d6
18.Nf3e5 Rf8c8
19.Rf1e1 Rc8c7
20.f3 Ra8c8
21.Qe2d2 Qd6b4
22.Bb1a2 Nd5xc3
23.bxc3 Rc7xc3
24.Rc1b1 Nf6d5
25.Rb1xb4 Be7xb4
26.Ba2xd5 Bb7xd5
27.Ne5d7 Rc3c4
28.Nd7f6 Kh8
29.Qd2f4 Bb4xe1
30.Nf6xd5 exd5
31.Qf4f6 Kg8
32.Bg5h6 { resign }
1-0

[Event "Tourn. n9473"]
[Site "www.chess-mail.com"]
[Date "2017.08.07"]
[Round "1"]
[White "Mitja"]
[Black "Luban"]
[WhiteElo "2040"]
[BlackElo "2150"]
[Result "1-0"]
[Round "1"]
1.d4 d5
2.e3 e6
3.c3 c5
4.dxc5 Bf8xc5
5.Nb1d2 Ng8f6
6.Nd2b3 Bc5d6
7.Ng1f3 a6
8.Bf1e2 Nb8c6
9.Nb3d4 Bc8d7
10.Nd4xc6 Bd7xc6
11.Nf3d4 Qd8c7
12.Nd4xc6 Qc7xc6
13.h3 O-O
14.Bc1d2 b5
15.b4 Ra8c8
16.Ra1c1 Nf6e4
17.a3 a5
18.O-O Ne4xd2
19.Qd1xd2 a4
20.Rc1c2 Rc8c7
21.Rf1c1 Rf8c8
22.Be2f3 Qc6c4
23.Bf3e2 Qc4b3
24.Be2xb5 Qb3xa3
25.Rc2a2 Qa3b3
26.Bb5xa4 Qb3c4
27.Ba4d1 Qc4h4
28.Ra2c2 h6
29.Bd1f3 Bd6e5
30.Qd2d3 Qh4f6
31.c4 dxc4
32.Rc2xc4 Rc7xc4
33.Rc1xc4 Rc8xc4
34.Qd3xc4 Qf6d8
35.b5 Qd8a5
36.Bf3e2 Qa5b6
37.Be2d3 g6
38.Qc4e4 Be5c7
39.Qe4c6 Qb6xc6
40.bxc6 Kf8
41.Bd3a6 Ke7
42.Ba6b7 Kd6
43.f3 Ke5
44.Kf2 f5
45.f4 Ke4
46.Ke2 e5
47.fxe5 Bc7xe5
48.c7 { resign }
1-0

[Event "Tourn. n9432"]
[Site "www.chess-mail.com"]
[Date "2017.08.07"]
[Round "1"]
[White "Guidom"]
[Black "Attatroll"]
[WhiteElo "2090"]
[BlackElo "2020"]
[Result "1-0"]
[Round "1"]
1.e4 d6
2.d4 Ng8f6
3.Nb1c3 g6
4.Bc1g5 Bf8g7
5.Ng1f3 O-O
6.Bf1d3 c6
7.O-O Nb8d7
8.Rf1e1 h6
9.Bg5h4 g5
10.Bh4g3 Nf6h5
11.Nc3e2 Nh5xg3
12.Ne2xg3 Nd7f6
13.e5 Nf6d5
14.c3 Bc8g4
15.h3 Bg4xf3
16.Qd1xf3 dxe5
17.dxe5 Nd5f4
18.Bd3c2 Qd8c7
19.Ng3h5 Bg7xe5
20.Nh5xf4 Be5xf4
21.Qf3e4 f5
22.Bc2b3 Kg7
23.Qe4xe7 Qc7xe7
24.Re1xe7 Kg6
25.Re7xb7 Rf8b8
26.Rb7xb8 Ra8xb8
27.Ra1e1 Kf6
28.Re1e6 Kg7
29.Re6xc6 Bf4c1
30.Rc6c7 Kg6
31.Rc7xa7 Bc1xb2
32.Ra7a6 Kg7
33.c4 Bb2d4
34.Kf1 h5
35.Ra6e6 h4
36.f3 Bd4c5
37.Re6e5 Bc5d6
38.Re5xf5 Kg6
39.Rf5d5 Bd6b4
40.Bb3c2 Kh6
41.Rd5b5 Rb8xb5
42.cxb5 Bb4a5
43.a4 Kg7
44.Ke2 Kf6
45.Kd3 Ke5
46.Bc2b3 Kf4
47.Bb3d5 Kg3
48.Ke2 Kxg2
49.f4 Kxh3
50.fxg5 Kg4
51.g6 { resign }
1-0

[Event "Tourn. n9433"]
[Site "www.chess-mail.com"]
[Date "2017.08.07"]
[Round "1"]
[White "Madz123456"]
[Black "Fabos12"]
[WhiteElo "1960"]
[BlackElo "1920"]
[Result "0-1"]
[Round "1"]
1.e4 e5
2.Ng1f3 Nb8c6
3.Bf1b5 Ng8e7
4.Nb1c3 a6
5.Bb5c4 b5
6.Bc4b3 Bc8b7
7.Nf3g5 d5
8.Qd1f3 f6
9.Ng5e6 Qd8d7
10.Ne6c5 Qd7c8
11.Qf3h5 g6
12.Qh5h4 g5
 { time }
0-1

[Event "Tourn. n9470"]
[Site "www.chess-mail.com"]
[Date "2017.08.07"]
[Round "1"]
[White "Add"]
[Black "Cjood"]
[WhiteElo "2280"]
[BlackElo "2000"]
[Result "1-0"]
[Round "1"]
1.c4 d5
2.cxd5 Qd8xd5
3.Nb1c3 Qd5d8
4.e4 e5
5.a3 Bf8c5
6.Ng1f3 Nb8c6
7.h3 Ng8f6
8.d3 Bc8e6
9.Bc1g5 O-O
10.Qd1d2 a6
11.Bf1e2 Nc6a5
12.Be2d1 Be6b3
13.Nf3xe5 Bb3xd1
14.Ra1xd1 Qd8d4
15.Bg5xf6 gxf6
16.Ne5g4 Ra8e8
17.O-O c6
18.Nc3e2 Qd4d8
19.Qd2c3 Bc5e7
20.b4 { resign }
1-0

[Event "Tourn. n9457"]
[Site "www.chess-mail.com"]
[Date "2017.08.07"]
[Round "1"]
[White "Francesco"]
[Black "Cjood"]
[WhiteElo "2120"]
[BlackElo "2210"]
[Result "1-0"]
[Round "1"]
1.e4 e5
2.Ng1f3 Nb8c6
3.c3 Ng8f6
4.Qd1c2 Bf8c5
5.Bf1b5 d5
6.exd5 Qd8xd5
7.Bb5xc6 bxc6
8.O-O O-O
9.Rf1e1 e4
10.c4 Qd5d3
11.Qc2xd3 exd3
12.Nf3e5 Rf8e8
13.Ne5xd3 Re8xe1
14.Nd3xe1 Bc8f5
15.Ne1f3 Nf6e4
16.d4 Bc5b6
17.Bc1e3 Ra8d8
18.c5 Bb6a5
19.a3 Rd8b8
20.b4 Ne4f6
21.Nb1d2 Ba5xb4
22.axb4 Rb8xb4
23.Ra1xa7 Nf6e8
24.h3 h6
25.Be3f4 g5
26.Bf4xc7 Ne8xc7
27.Ra7xc7 Kg7
28.Rc7xc6 Bf5e6
29.Rc6d6 Rb4b7
30.d5 Be6f5
31.c6 { resign }
1-0